Principales impactos ambientales causados por la construcción y operación de las urbanizaciones.
Guardado en:
| Autor principal: | |
|---|---|
| Formato: | Libro |
| Publicado: |
San José, Costa Rica
1999
|
| Materias: | |
| Etiquetas: |
Agregar Etiqueta
Sin Etiquetas, Sea el primero en etiquetar este registro!
|
MARC
| LEADER | 00000nam a2200000Ia 4500 | ||
|---|---|---|---|
| 003 | 000737 | ||
| 005 | 20231120144626.0 | ||
| 008 | 140114s1999 cr a m 000 ||s d | ||
| 040 | |c cru CEDI | ||
| 090 | |a TFG 3915 | ||
| 100 | |a Skipton Robinson, Patrick Andrew, 1972- |9 1802 | ||
| 245 | |a Principales impactos ambientales causados por la construcción y operación de las urbanizaciones. | ||
| 260 | |a San José, Costa Rica |c 1999 | ||
| 300 | |a iii, 93 hojas, 1 plegables : ilustraciones (algunas a color). | ||
| 500 | |a Proyecto de graduación (licenciatura en ingeniería civil)--Universidad de Costa Rica. Facultad de Ingeniería. Escuela de Ingeniería Civil | ||
| 650 | |x EVALUACION DEL IMPACTO AMBIENTAL |x URBANISMO - ASPECTOS AMBIENTALES |x CONSTRUCCION - ASPECTOS AMBIENTALES - COSTA RICA |9 8918 | ||
| 942 | |c TFG |h TFG 3915 |i 000737 |6 TFG_3915_000737000000000 | ||
| 999 | |c 18592 |d 18592 | ||
